| 000 | 00560nam a2200181 4500 | ||
|---|---|---|---|
| 001 | 132985 | ||
| 003 | ES-MaACL | ||
| 005 | 20230906194309.0 | ||
| 007 | t| | ||
| 008 | 070214s1953 sp r ||||1| spa d | ||
| 100 | 1 |
_aRoyo-Villanova Morales, Ricardo, _d1899-1975 _9100240 |
|
| 245 | 1 | 3 |
_aEl olor de la muerte / _cProf. R. Royo-Villanova ; [prólogo de A. Piga]. |
| 260 |
_aMadrid : _bMarbán, _c1953. |
||
| 300 |
_a107 p. ; _c17 cm. |
||
| 700 | 0 |
_aPiga y Pascual, Antonio. _991988 |
|
| 852 |
_aES-MaACL _j1949-F-11 _bR.33459 |
||
| 999 |
_c132985 _d132985 |
||